000 00721nam a2200229 4500
003 NALT
005 20251015123856.0
008 251007b th ||||| |||| 00| 1 tha d
020 _a9786163010452
040 _aNALT
090 _aFIC
_bม271ส 2556
100 0 _aมะลิ.
_966683
245 1 0 _aสุดสายหมอก /
_cมะลิ.
250 _aพิมพ์ครั้งแรก.
260 _aกรุงเทพฯ :
_bณ ดา,
_c2556.
300 _a367 หน้า ;
_c21 ซม.
650 4 _aนวนิยายไทย
_96428
942 _2local
_cFIC
996 _ajidapa.t
_bACQSTF
_c2025-10-07
996 _asaiphon.d
_bCATSTF
_c2025-10-15
999 _c107339
_d107339
998 _j104
_k นางสาวสายฝน ดีงาม